Statistics for Best Selling Cars - Beginning With C

Click here to take the quiz!

General Stats

  • This quiz has been taken 15 times
  • The average score is 11 of 20

Answer Stats

World RankingHintAnswer% Correct
52Mercedes Sedan Luxury ClassC-Class
93%
2Toyota Compact Car/SedanCorolla
93%
4Honda SUVCR-V
93%
17Honda SedanCivic
87%
55Jeep Subcompact SUVCompass
80%
5Toyota Mid-Size SedanCamry
73%
103Citroën Subcompact SUVC3
67%
72Toyota Subcompact SUVC-HR
67%
20Mazda SUVCX-5
67%
209Chevrolet PickupColorado
60%
102Mazda Subcompact SUVCX-30
60%
177KIA MinivanCarnival
53%
69Renault Subcompact Car/HatchbackClio
53%
91Vauxhall Subcompact CarCorsa
47%
8Toyota Crossover/Subcompact SUVCorolla Cross
40%
174Chevy Sedan (Mineral)Cobalt
27%
130Renault Subcompact Crossover SUVCaptur
20%
29Hyundai SUV (AKA ix25)Creta
13%
109Honda Sedan (Town)City Sedan
7%
99Changan Full-Size SUVCS75 Plus
0%

Score Distribution

Percentile by Number Answered

Percent of People with Each Score

Your Score History

You have not taken this quiz